MARC details
| 000 -LEADER |
| fixed length control field |
01271nam a2200337 a 4500 |
| 001 - CONTROL NUMBER |
| control field |
vtls001359735 |
| 003 - CONTROL NUMBER IDENTIFIER |
| control field |
NLI |
| 005 - DATE AND TIME OF LATEST TRANSACTION |
| control field |
20210627081532.0 |
| 008 - FIXED-LENGTH DATA ELEMENTS--GENERAL INFORMATION |
| fixed length control field |
120625s1972 dcu f000 0 eng |
| 039 #9 - LEVEL OF BIBLIOGRAPHIC CONTROL AND CODING DETAIL [OBSOLETE] |
| Level of rules in bibliographic description |
201702081315 |
| Level of effort used to assign nonsubject heading access points |
subratam |
| -- |
201206251829 |
| -- |
VLOAD |
| 040 ## - CATALOGING SOURCE |
| Original cataloging agency |
NLI |
| Language of cataloging |
eng |
| Transcribing agency |
Datasoft_FOD_6 |
| Description conventions |
AACR2 |
| 041 0# - LANGUAGE CODE |
| Language code of text/sound track or separate title |
eng |
| 044 ## - COUNTRY OF PUBLISHING/PRODUCING ENTITY CODE |
| MARC country code |
dcu |
| 082 04 - DEWEY DECIMAL CLASSIFICATION NUMBER |
| Classification number |
371.0102573 |
| 100 1# - MAIN ENTRY--PERSONAL NAME |
| Personal name |
Williams, Jeffrey W. |
| 9 (RLIN) |
835272 |
| 245 10 - TITLE STATEMENT |
| Title |
Education directory 1971-72, public school systems / |
| Statement of responsibility, etc. |
by Jeffrey W. Williams and Judy Carpenter |
| 260 ## - PUBLICATION, DISTRIBUTION, ETC. |
| Place of publication, distribution, etc. |
Washington, D. C. : |
| Name of publisher, distributor, etc. |
United States Government Printing Office, |
| Date of publication, distribution, etc. |
1972 |
| 300 ## - PHYSICAL DESCRIPTION |
| Extent |
xii, 271 p. ; |
| Dimensions |
22 cm. |
| 440 #0 - SERIES STATEMENT/ADDED ENTRY--TITLE |
| Title |
Drew pub. no; |
| Volume/sequential designation |
OE 72-107 |
| 9 (RLIN) |
836128 |
| 650 #0 - SUBJECT ADDED ENTRY--TOPICAL TERM |
| Topical term or geographic name entry element |
Public schools |
| Geographic subdivision |
United States |
| Form subdivision |
Directory |
| 9 (RLIN) |
727981 |
| 650 #0 - SUBJECT ADDED ENTRY--TOPICAL TERM |
| Topical term or geographic name entry element |
Education |
| Geographic subdivision |
United States |
| Form subdivision |
Directory |
| 9 (RLIN) |
727982 |
| 700 1# - ADDED ENTRY--PERSONAL NAME |
| Personal name |
Carpenter, Judy, |
| Relationship |
jt. aut |
| 9 (RLIN) |
836129 |
| 710 1# - ADDED ENTRY--CORPORATE NAME |
| Corporate name or jurisdiction name as entry element |
United States. |
| Subordinate unit |
Department of Health, Education, and Welfare |
| 9 (RLIN) |
703319 |
| 887 ## - NON-MARC INFORMATION FIELD |
| Content of non-MARC field |
|
| 901 ## - LOCAL DATA ELEMENT A, LDA (RLIN) |
| a |
AD 48340 |
| b |
25.07.1973 |
| 902 ## - LOCAL DATA ELEMENT B, LDB (RLIN) |
| a |
U.S 371.0102573 W 673 |
| 904 ## - LOCAL DATA ELEMENT D, LDD (RLIN) |
| l |
4651 |
| 949 ## - LOCAL PROCESSING INFORMATION (OCLC) |
| -- |
VIRTUAITEM |
| -- |
10002 |
| -- |
100 |
| 6 |
FOD000048340ENG |
| 942 ## - ADDED ENTRY ELEMENTS (KOHA) |
| Source of classification or shelving scheme |
Dewey Decimal Classification |
| Koha item type |
Books |